000 00347nam a2200157Ia 4500
003 Ost
005 20260225132543.0
008 260225s9999||||xx |||||||||||||| ||und||
040 _cfsic
041 _afre
082 _a440
100 _aJ.R.Hammond
_eAuteur
245 2 _aA george orwell companion /
245 0 _cJ.R.Hammond
942 _cكتاب
999 _c33636
_d33636